Guess the Group of Contestants from SIXTEEN (2015) - Statistics

General Stats
  • This quiz has been taken 6 times
  • The average score is 13 of 14
Answer Stats
Hint Answer % Correct
Jiwon fromis_9
100%
Chaeyeon IZ*ONE
100%
Natty KISS OF LIFE
100%
Sana TWICE
100%
Mina TWICE
100%
Tzuyu TWICE
100%
Nayeon TWICE
100%
Dahyun TWICE
100%
Jeongyeon TWICE
100%
Somi I.O.I
80%
Chaeryeong ITZY
80%
Jihyo TWICE
80%
Momo TWICE
80%
Chaeyoung TWICE
60%
No matching quizzes found
Score Distribution
Percent of People with Each Score
Percentile by Number Answered
Your Score History
You have not taken this quiz